Quizzes
Events
Quiz Creation
Community
Videos
Private Events
Remove Ads
Sign In
Join for FREE
Feedback
Dark Mode
Quiz Categories
Sports
Geography
Music
Movies
Television
Just For Fun
Miscellaneous
History
Literature
Language
Science
Gaming
Entertainment
Religion
Holiday
For Kids
Quiz Lab
Recent
Popular Today
Quiz Kudos Today
Editor Picks
Curator Picks
Quizzes by...
Day
Popularity
Type
Ratings
Length
Year
Community
Subscriptions
Recent Discussions
Orange Saloon
Badges
Playlists
Quests
Create
Leaderboards
Showdown
Live 5
Trivia Bingo
Activity
Puzzle Library
Sporcle Events
Private Events
Virtual Trivia
Globe League
Become a Host
Pub Owners
SporcleCon
Opinionation
Our Games
Videos
Blog
Mobile Apps
Partnerships
Remove Ads and Go Orange
Feedback
Sports
Athletes
MLB
NBA
NHL
NFL
Soccer
Sports Teams
WWE
NCAA
Football
Premier League
Basketball
Baseball
Hockey
Golf
Tennis
Cricket
Rugby
Auto Racing
Olympics
World Cup
Sports
Athletes
MLB
NBA
NHL
NFL
Soccer
Sports Teams
WWE
NCAA
Football
Premier League
Basketball
Baseball
Hockey
Golf
Tennis
Cricket
Rugby
Auto Racing
Olympics
World Cup
Random Quiz
Search Sporcle
×
Quiz Lab
Quiz Lab
Sports
Decade
Type in answers that appear in a list
Type in answers that appear in a list
Classic
Best Score? Go Orange.
MVP winners with less than 100 RBIs Stats
Can you name the MVP winners with less than 100 RBIs?
By
topper009
6m
30 Questions
341 Plays
341 Plays
341 Plays
Comments
Comments
Give Quiz Kudos
Give Quiz Kudos
-
- Ratings
hide this ad
More Info
Replay
Link that replays current quiz
Next Quiz
Link to next quiz in quiz playlist
You Got
0%
They Got
Avg Score
34%
Avg Friend Score
Upgrade to see
Score Distribution
Jump to the score distribution portion of the page
Score
0/30
Timer
06:00
0
Plays Today
RBIs (Decade)
MVP Winner
% Correct
83 (2000s)
Dustin Pedroia
57.5%
69 (2000s)
Ichiro Suzuki
56.6%
64 (1970s)
Pete Rose
50.4%
61 (1990s)
Rickey Henderson
50.4%
90 (2000s)
Barry Bonds
48.4%
96 (2000s)
Joe Mauer
47.8%
88 (1950s)
Yogi Berra
47.5%
89 (1960s)
Mickey Mantle
46.3%
94 (1950s)
Mickey Mantle
46%
94 (1970s)
Joe Morgan
44.9%
70 (1950s)
Nellie Fox
43.1%
94 (2000s)
Jimmy Rollins
41.6%
76 (1980s)
Kirk Gibson
39%
66 (1990s)
Barry Larkin
37%
66 (1950s)
Phil Rizzuto
36.4%
RBIs (Decade)
MVP Winner
% Correct
91 (1980s)
Mike Schmidt
36.4%
97 (1940s)
Joe DiMaggio
35.8%
82 (1980s)
Willie McGee
35.5%
48 (1960s)
Maury Wills
33.4%
84 (1980s)
Ryne Sandberg
33.1%
86 (1990s)
Terry Pendleton
28.2%
77 (1960s)
Zoilo Versalles
22%
50 (1960s)
Dick Groat
19.6%
96 (1930s)
Charlie Gehringer
16.7%
76 (1930s)
Mickey Cochrane
16.4%
63 (1940s)
Marty Marion
13.2%
82 (1930s)
Frankie Frisch
12.6%
95 (1930s)
Ernie Lombardi
11.7%
91 (1930s)
Gabby Hartnett
9.7%
97 (1940s)
Phil Cavarretta
5.6%
Quiz Playlist
Details
Report
Send in Message
Add To Playlist
More Info:
Not Including Pitchers
Classic:
Type in answers that appear in a list
Quiz Source
Last Updated: Feb 16, 2017
Quiz Scoreboard
CHALLENGE
Sign Up to Join the Scoreboard
Show All
Scores
Hide
Comments
May contain spoilers
Recently Published
Popular People in 1961
by mucciniale
History
6m
1-10 Letter E Words III
by El_Dandy
Language
2m
One Thing in Common: World Cities II
by knightlancer
Geography
7m
More to Explore
Quiz From the Vault
Featured Blog Post
Where Did the Easter Bunny Come From?
hide this ad
You Might Also Like...
Tags
Decade Quiz
100
less
MVP
rbi
Winner
Today's Top Quizzes in Sports
Browse Sports
hide this ad
Today's Top Quizzes in Decade
Browse Decade
Top Contributed Quizzes in Sports
1
2022 World Cup Stars
2
Les entraîneurs de l'OM et du PSG au 21e siècle
3
FIFA Club World Cup Champions
4
Criteria MLB: Left Handed Sluggers
5
Les meilleurs buteurs des matchs entre le PSG et l’OM
6
Name the Premier League winners with different clubs
7
Players with Multiple 50 Home Run Seasons
8
MLB Players with Two .350 Batting Average Seasons
9
La finale Lions - Afrique du Sud 2021
10
MLB Hall of Famer by Rings
Explore More
Trending Topics
Marvel
Kpop
Anime
Crossword
NBA
Disney
Harry Potter
Pokémon
WWE
Puzzle
Country
The Office
Song
NFL
Soccer
hide this ad
More By:
topper009
Quiz
Plays
Rating
Category
Featured
Created
Hit Leaders by Decade
86,329
4.61
Sports
Jun 4, 2010
RBI Leaders by Decade
1,461
4.75
Sports
Jul 7, 2010
MLB Top 5 Win Leaders by Decade
684
5.00
Sports
Feb 4, 2011
320+ Times on Base
526
4.23
Sports
Apr 23, 2010
400 Total Bases in a single season
363
3.67
Sports
Apr 6, 2010
Go to Creator's Profile
Score Distribution
Quiz Creator Spotlight
topper009
Follow
Send a Message
Quizzes Created
-
Created Quiz Play Count
-
More By This Creator
Popular Quizzes Today
1
Find the US States - No Outlines Minefield
2
The Countries of the World
3
Popular People in 1961
4
Find the Countries of Europe - No Outlines Minefield
5
1-10 Letter E Words III
6
Find the US States
7
One Thing in Common: World Cities II
8
US States
More Sports Quizzes
Gimme Five: UEFA Champions League
Quiz Lab
Trending Quizzes
1-10 Letter F Words
One Thing in Common: Music
1-10 Letter G Words
Risky Map Clicking: Next State Alphabetically
1-10 Letter F Words II
Recently Updated
Leaping Animals
pecheneg
Reality TV Shows (A-Z)
bhenderson79
Rickey Henderson's Hall of Fame Teammates
pecheneg
Champions League XIs: Arsenal
pecheneg
Quick Pick: Celebrities in WWE's Hall of Fame
aduchscher
A-Z Keypad Blitz II
pecheneg
Multiple Oscar Actors
pecheneg
Mystery Phrase Blitz: Oscar 'Best Actors'
pecheneg
F. Scott Fitzgerald Novels
LTH
Pick 3 Villains
ddd62291
Trending Topics
Harry Potter
Disney
Kpop
Marvel
NBA
Anime
Crossword
WWE
Song
Country
Soccer
The Office
Pokémon
Puzzle
NFL
Your Account Isn't Verified!
In order to create a playlist on Sporcle, you need to verify the email address you used during registration. Go to your
Sporcle Settings
to finish the process.
Report this User
Report this user for behavior that violates our
Community Guidelines
.
Details:
Send Report
Go to the Sporcle.com Mobile Site →
Comments